|
|
|
|
| LEADER |
00663nta a2200193 i 4500 |
| 001 |
dipl112966 |
| 005 |
20210427085057.0 |
| 008 |
210415s1994 hu om 0|| zxx d |
| 040 |
|
|
|a SZTE Diploma Repozitórium
|b hun
|
| 041 |
|
|
|a zxx
|
| 100 |
1 |
|
|a Pólya Krisztina
|
| 245 |
1 |
0 |
|a Összefüggés népesség és településfejlődés között Baranya megyében
|h [elektronikus dokumentum] /
|c Krisztina Pólya
|
| 260 |
|
|
|c 1994
|
| 650 |
|
4 |
|a Pedagógusképzés
|
| 650 |
|
4 |
|a Social sciences
|
| 650 |
|
4 |
|a Sociology
|
| 650 |
|
4 |
|a Demography
|
| 700 |
1 |
|
|a Oláh Ferenc
|e ths
|
| 856 |
4 |
0 |
|u http://diploma.bibl.u-szeged.hu/id/eprint/112966/1/1994_polya_krisztina.pdf
|z Dokumentum-elérés
|